000 00262nam a22001217a 4500
041 _aENG
100 _aTurlington S.R
245 _aWalking The World Wide Web
260 _aDelhi
_bVentana Press
_c2000
300 _a322
650 _aComputer
856 _uComputer
999 _c745
_d745